[Event "Alushta zt (Women)"]
[Site "Alushta"]
[Date "1999.??.??"]
[Round "?"]
[White "Litynska, Marta"]
[Black "Melamed, Tatiana"]
[Result "1/2-1/2"]
[WhiteElo "2383"]
[BlackElo "2328"]
[PlyCount "118"]
[EventDate "1999.??.??"]
[EventType "swiss"]
[EventRounds "9"]
[EventCountry "UKR"]
[SourceTitle "EXT 2000"]
[Source "ChessBase"]
[SourceDate "1999.11.16"]
[SourceVersion "1"]
[SourceVersionDate "1999.11.16"]
[SourceQuality "1"]

1. d4 Nf6 2. c4 c5 3. d5 b5 4. cxb5 a6 5. bxa6 g6 6. Nc3 Bxa6 7. Nf3 Bg7 8. g3 d6 9. Bg2 Nbd7 10. 0-0 Nb6 11. Ne1 0-0 12. Nc2 Nfd7 13. Ne3 Nc4 14. Qc2 Qa5 15. Nxc4 Bxc4 16. Bd2 Rfb8 17. Rfe1 Ba6 18. Rab1 c4 19. Red1 Nc5 20. Be3 Bc8 21. Bd4 Bf5 22. e4 Bg4 23. f3 Bd7 24. Bxg7 Kxg7 25. Bf1 Na4 26. Qf2 Nxb2 27. Rxb2 Qxc3 28. Rc2 Qf6 29. Bxc4 Ba4 30. Bb3 Bxb3 31. axb3 Rxb3 32. Kg2 Raa3 33. f4 h5 34. Qd4 Re3 35. Qxf6+ Kxf6 36. Rd4 Ra1 37. Rb4 Rae1 38. Kf2 Rxe4 39. Rxe4 Rxe4 40. Rd2 Ra4 41. Kf3 Kf5 42. Rd3 g5 43. fxg5 Kxg5 44. Re3 Kf6 45. Rd3 Ra2 46. h3 Ra1 47. h4 Ra4 48. Rb3 Rd4 49. Rb5 Rc4 50. Rb7 Rc5 51. Ke4 Rc3 52. Kf4 Rc4+ 53. Kf3 Rd4 54. Rb5 Kf5 55. Rb7 Re4 56. Rb3 Ke5 57. Rb7 Kf5 58. Rb3 Rd4 59. Rb7 Kf6 1/2-1/2